| 000 | 00453nam a22001577a 4500 | ||
|---|---|---|---|
| 003 | SISC | ||
| 005 | 20160426152540.0 | ||
| 008 | 160426b xxu||||| |||| 00| 0 eng d | ||
| 020 | _a9781405844208 | ||
| 050 | _aQA 11.D659 St896h 2008 | ||
| 100 | _aStraker, Anita | ||
| 245 |
_aExploring maths 5 : _bhome book _cAnita Straker |
||
| 260 |
_aLondon : _bPearson Education Limited _c2008 |
||
| 300 |
_a117 pages., _bcol.,ill., _c28 cm. |
||
| 942 |
_2lcc _cBK |
||
| 999 |
_c293673 _d293673 |
||